Commentary on the payment of gratuity act (Record no. 25926)

MARC details
000 -LEADER
fixed length control field 00310nam a2200121Ia 4500
082 ## - DEWEY DECIMAL CLASSIFICATION NUMBER
Item number KRI
100 ## - MAIN ENTRY--AUTHOR NAME
Personal name KRISHANLAL SETHI
245 #0 - TITLE STATEMENT
Title Commentary on the payment of gratuity act
260 ## - PUBLICATION, DISTRIBUTION, ETC. (IMPRINT)
Place of publication Indore
Name of publisher Lawyers Home
Year of publication 1977
650 ## - SUBJECT ADDED ENTRY--TOPICAL TERM
Topical Term Gratuity act
942 ## - ADDED ENTRY ELEMENTS (KOHA)
Koha item type Books
Holdings
Withdrawn status Lost status Damaged status Not for loan Home library Current library Date acquired Full call number Accession Number Koha item type
        RRII Library RRII Library 16/12/2021 KRI 06566 Books